La Relación entre pobreza y ambiente y sus repercusiones de política /
Uloženo v:
| Hlavní autor: | |
|---|---|
| Médium: | Text |
| Témata: | |
| Tagy: |
Přidat tag
Žádné tagy, Buďte první, kdo vytvoří štítek k tomuto záznamu!
|
MARC
| LEADER | 00000 a a2200000 04500 | ||
|---|---|---|---|
| 001 | 3559 | ||
| 003 | |||
| 040 | |||
| 100 | |a Provencio, Enrique | ||
| 245 | |a La Relación entre pobreza y ambiente y sus repercusiones de política / |c Enrique Provencio | ||
| 650 | |a POLITICA AMBIENTAL | ||
| 650 | |a POBREZA | ||
| 650 | |a DESARROLLO SOSTENIBLE | ||
| 773 | |g volumen 53, número 7; páginas 648-656 | ||
| 999 | |c 39548 |d 39548 | ||
